000 00522nam a2200181Ia 4500
001 44216
008 140428s9999 xx 000 0 und d
020 _a9780195477030
040 _cPK-LaUMT
082 _a 320.954914
_bLUB-A
100 _aLubna Saif
245 _aAuthoritarianism and underdevelopment in Pakistan 1947-1958
_bthe role of the Punjab
_cLubna Saif
260 _aOxford,USA:
_bOxford University Press,
_c2010
300 _a262 p.
546 _aEN
650 _aPakistan-Economic development
942 _cBK
999 _c42209
_d42209